| 000 | 00557ntaaa2200205 4500 | ||
|---|---|---|---|
| 003 | 01 | ||
| 005 | 20251027201618.0 | ||
| 008 | 0714s1973 ag 01 | ||
| 040 |
_aAR-BaBN _bspa _cAR-BaBN _eaacr _dRIC |
||
| 082 | _a248.2700 P13d | ||
| 100 | _aPadilla, Ruth | ||
| 245 | _aDiálogos de discipulado | ||
| 250 | _a1 ed. | ||
| 260 |
_aBuenos Aires : _bCerteza Abua, _c198- |
||
| 300 |
_a32 p y 6 hojas de estudio ; _c22 cm |
||
| 500 | _aUn curso de seis semanas para el nuevo creyente | ||
| 650 | _adiscipulado | ||
| 700 |
_aDale, Sara _913199 |
||
| 942 | _cBK | ||
| 999 |
_c10755 _d10755 |
||